| 000 | 00448nam a22001577a 4500 | ||
|---|---|---|---|
| 003 | OSt | ||
| 005 | 20260424052340.0 | ||
| 008 | 260424b |||||||| |||| 00| 0 eng d | ||
| 040 |
_aDWCL - Main lib _cOC |
||
| 082 | _aCirc. 92 D746 | ||
| 100 | _aDouglas, Lloyd C. | ||
| 245 |
_aTime to remember / _cLloyd C. Douglas |
||
| 260 |
_aChicago : _bPeoples book club, Chicago, _cc1951. |
||
| 300 |
_aviii 238 p. ; _c21 cm. |
||
| 942 |
_2ddc _cBK-CIRC _mCirc. _n0 |
||
| 999 |
_c9845 _d9845 |
||